Catálogo
 En Linea

Ministerio público: Órgano de difusión de la Procuraduría General de la República. (Registro nro. 22819)

Detalles MARC
000 -CABECERA
campo de control de longitud fija 00482nas a2200169 a 4500
001 - NÚMERO DE CONTROL
campo de control 000023322
003 - IDENTIFICADOR DEL NÚMERO DE CONTROL
campo de control DLC
005 - FECHA Y HORA DE LA ÚLTIMA TRANSACCIÓN
campo de control 20200930022134.0
008 - DATOS DE LONGITUD FIJA--INFORMACIÓN GENERAL
campo de control de longitud fija 101202c 9999dr br1 d 0 0spa d
040 ## - FUENTE DE LA CATALOGACIÓN
Centro catalogador/agencia de origen DO-SdBNP
Lengua de catalogación spa
043 ## - CÓDIGO DE ÁREA GEOGRÁFICA
Código de área geográfica nwdr---
245 00 - MENCIÓN DE TÍTULO
Título Ministerio público: Órgano de difusión de la Procuraduría General de la República.
260 ## - PUBLICACIÓN, DISTRIBUCIÓN, ETC.
Lugar de publicación, distribución, etc. Santo Domingo :
Nombre del editor, distribuidor, etc. Procuraduría General de la República.
300 ## - DESCRIPCIÓN FÍSICA
Extensión n. :
Otras características físicas il. ;.
310 ## - PERIODICIDAD ACTUAL
Periodicidad actual Bimensual
362 0# - FECHAS DE PUBLICACIÓN Y/O DESIGNACIÓN SECUENCIAL
Fecha de publicación y/o designación secuencial N. 1

No hay ítems disponibles.

Con tecnología Koha